000 00226nam a22000857a 4500
008 160708b xxu||||| |||| 00| 0 eng d
100 _92479
_aVerma R
245 _aCCE Manual Science-X
260 _aNew Delhi
_bS.Chand Publication
_c2011
999 _c2146
_d2146